A HISTORY OF ARCHITECTURE (Record no. 32132)
[ view plain ]
| 000 -LEADER | |
|---|---|
| fixed length control field | 00305nam a22001457a 4500 |
| 003 - CONTROL NUMBER IDENTIFIER | |
| control field | SGT |
| 020 ## - INTERNATIONAL STANDARD BOOK NUMBER | |
| International Standard Book Number | 8123906412 |
| 082 ## - DEWEY DECIMAL CLASSIFICATION NUMBER | |
| Classification number | 720.9 |
| Item number | CRU |
| 100 ## - MAIN ENTRY--PERSONAL NAME | |
| Personal name | CRUICKSHANK DAN |
| 245 ## - TITLE STATEMENT | |
| Title | A HISTORY OF ARCHITECTURE |
| 250 ## - EDITION STATEMENT | |
| Edition statement | 12TH |
| 260 ## - PUBLICATION, DISTRIBUTION, ETC. (IMPRINT) | |
| Place of publication, distribution, etc | INDIA |
| Name of publisher, distributor, etc | CBS PUB. |
| Year of Publication | 1999 |
| 300 ## - PAGE DESCRIPTION | |
| No. of Pages | 1794 |
| 942 ## - ADDED ENTRY ELEMENTS (KOHA) | |
| Source of classification or shelving scheme | Dewey Decimal Classification |
| Koha item type | Books |
| Withdrawn status | Lost status | Source of classification or shelving scheme | Damaged status | Not for loan | Home library | Current library | Shelving location | Date acquired | Vendor Name | Cost, normal purchase price | SGTU | Bill Number | Full call number | Accession No. (Barcode) | Date last seen | Bill Date | Koha item type |
|---|---|---|---|---|---|---|---|---|---|---|---|---|---|---|---|---|---|
| Dewey Decimal Classification | Not For Loan | SGT Science & Social Sciences Library | SGT Science & Social Sciences Library | Reference Book | 21/07/2025 | BRIJWASI BOOK DISTRIBUTORS DELHI | 2625.00 | SGTU | BW/000218 | 720.9 CRU | FF820 | 21/07/2025 | 30/06/2025 | Books | |||
| Dewey Decimal Classification | SGT Science & Social Sciences Library | SGT Science & Social Sciences Library | Text Book | 21/07/2025 | BRIJWASI BOOK DISTRIBUTORS DELHI | 2625.00 | SGTU | BW/000218 | 720.9 CRU | FF821 | 21/07/2025 | 30/06/2025 | Books | ||||
| Dewey Decimal Classification | SGT Science & Social Sciences Library | SGT Science & Social Sciences Library | Text Book | 21/07/2025 | BRIJWASI BOOK DISTRIBUTORS DELHI | 2625.00 | SGTU | BW/000218 | 720.9 CRU | FF822 | 21/07/2025 | 30/06/2025 | Books |